Co wiesz o Stanach Zjednoczonych? - Statystyki

Ogólne statystyki
  • Ten quiz został rozwiązany 19 razy
  • Średni wynik to 9 z 15
Statystyki odpowiedzi
Zagadnienie Odpowiedź % Poprawnych
Który z tych stanów znany jest z dużej produkcji technologii i siedzib firm takich jak Apple czy Google? Kalifornia
100%
Który z tych zabytków znajduje się w stanie Południowa Dakota? Mount Rushmore
80%
Które z tych świąt jest obchodzone wyłącznie w USA i niesie ważne wartości społeczne? Presidents' Day
80%
Który z tych stanów NIE należy do tzw. Pasma Przemysłowego (Rust Belt)? Arizona
73%
Które terytorium USA zostało zakupione od Francji w 1803 roku? Luizjana
73%
Który park narodowy w USA leży częściowo na aktywnym superwulkanie? Yellowstone
73%
Które z tych miast jest stolicą stanu, ale NIE jest jego największym miastem? Austin, Teksas
67%
Które zwierzę jest oficjalnym symbolem USA? Orzeł bielik
67%
Która z bitew wojny secesyjnej była punktem zwrotnym w konflikcie? Gettysburg
53%
Które wydarzenie rozpoczęło wojnę secesyjną w USA? Atak na Fort Sumter
47%
Który z poniższych generałów był najważniejszym dowódcą sił USA w Europie podczas II wojny światowej? Dwight D. Eisenhower
47%
Który z tych pisarzy był autorem gotyckich opowieści i uważany jest za prekursora horroru w USA? Edgar Allan Poe
47%
Kto stworzył nagrodzoną Pulitzerem powieść „Zabić drozda” – książkę będącą lekturą szkolną w USA, choć mniej znaną w Europie? Harper Lee
47%
Które z miast leży najdalej na północy? Anchorage
40%
Która z tych amerykańskich aktorek była jedną z ikon kina noir i „femme fatale” w latach 40.? Lauren Bacall
20%
Nie znaleziono quizów pasujących do podanych kryteriów
Rozkład punktacji
Procent ludzi z każdym wynikiem
Percentyl według liczby udzielonych odpowiedzi
Twoja historia wyników
Nie rozwiązałeś tego quizu